| 000 | 00633nam a2200217 a 4500 | ||
|---|---|---|---|
| 001 | BRL_316 | ||
| 005 | 20190320210701.0 | ||
| 008 | 290713s1998----mx-a######---#000-0#spa-# | ||
| 020 | _a9701813634 | ||
| 041 | _aspa | ||
| 044 | _amx | ||
| 050 | 4 |
_aND547.5.I4 _b.M34 1998 |
|
| 245 | 1 | 0 | _aMaestros del impresionismo. |
| 260 |
_aMéxico _bINBA : Museo del Palacio de Bellas Artes _c1998 |
||
| 300 |
_a191 p. _bil. (algunas a color) _c23 cm. |
||
| 500 | _aAu2310 | ||
| 650 | 1 | 4 |
_aImpresionismo (Arte) _vExposiciones _zFrancia _923526 |
| 650 | 1 | 4 |
_aNeo-impresionismo (Arte) _vExposiciones _zFrancia _923527 |
| 902 | _aGRL | ||
| 942 |
_2lcc _cB |
||
| 999 |
_c9129 _d9129 |
||